| 000 | 00379nam a2200157Ia 4500 | ||
|---|---|---|---|
| 008 | 230312s9999||||xx |||||||||||||| ||und|| | ||
| 020 | _a0-632-05939-7 | ||
| 082 |
_a629.134 _bSWA-G |
||
| 100 | _aSwatton;Peter.J | ||
| 245 | 0 | _aFlight Planning | |
| 260 |
_bBlack well Science _aUSA _c2002 |
||
| 300 | _a250 | ||
| 546 | _aEng. | ||
| 650 |
_aAviation _vFlight Planning |
||
| 942 | _cBK | ||
| 999 |
_c6878 _d6878 |
||